000
00278nam a2200097Ia 4500
001
653914
005
20250826154507.0
008
250824s9999 xx 000 0 und d
245
0
_a
GÜLDÜREN DÜŞÜNCELER 2/ SENDEN AKILLISI MI VAR?
_c
MAHİR DUMAN
260
_b
GENÇ HAYAT YAYINLARI
999
_c
653914
_d
653914